BUILDING CONSTRUCTION ILLUSTRATED / (Record no. 589479)
[ view plain ]
| 000 -LEADER | |
|---|---|
| fixed length control field | 00332nam a22001337a 4500 |
| 020 ## - INTERNATIONAL STANDARD BOOK NUMBER | |
| Qualifying information | PB. |
| 040 ## - CATALOGING SOURCE | |
| Transcribing agency | FIZZA ISHAQ |
| 082 ## - DEWEY DECIMAL CLASSIFICATION NUMBER | |
| Classification number | 624.1771 |
| Author Mark | FRA |
| 100 ## - MAIN ENTRY--PERSONAL NAME | |
| Personal name | CHING,FRANK. |
| 9 (RLIN) | 26090 |
| 245 ## - TITLE STATEMENT | |
| Title | BUILDING CONSTRUCTION ILLUSTRATED / |
| Statement of responsibility, etc. | FRANK CHING. |
| 260 ## - PUBLICATION, DISTRIBUTION, ETC. | |
| Place of publication, distribution, etc. | NEW YORK ; |
| Name of publisher, distributor, etc. | WILEY SON, |
| Date of publication, distribution, etc. | 2014. |
| 300 ## - PHYSICAL DESCRIPTION | |
| Extent | 122 P. ; |
| 942 ## - ADDED ENTRY ELEMENTS (KOHA) | |
| Source of classification or shelving scheme | |
| Koha item type | Book |
| Withdrawn status | Lost status | Source of classification or shelving scheme | Damaged status | Not for loan | Permanent Location | Current Location | Date acquired | Full call number | Barcode | Date last seen | Copy number | Price effective from | Koha item type |
|---|---|---|---|---|---|---|---|---|---|---|---|---|---|
| NUST Baluchistan Campus (NBC) | NUST Baluchistan Campus (NBC) | 04/28/2022 | 624.1771 CHI | Q-4049 | 04/28/2022 | 3 | 04/28/2022 | Book |
